000
00324nam a22001337a 4500
008
181018b xxu||||| |||| 00| 0 eng d
020
_a
9780471509820
041
_a
eng
080
_a
159.9
100
_a
49
101
_a
PSI
245
_a
Statistical Applications for the Behavioral Sciences
_c
Grimm, L.G
942
_2
udc
_c
BK
999
_c
50155
_d
50155